000
00285nam a2200097Ia 4500
082
_a
J 363.254 BECK
245
0
_a
Cool eyewitness encounters : how's your memory?
100
_a
Beck, Esther Edina, Minn., 2009
_9
76344
942
_c
BK
008
210817s9999 xx 000 0 und d
999
_c
253718
_d
253717